| 000 | 00847nam a2200229 i 4500 | ||
|---|---|---|---|
| 001 | 106390 | ||
| 003 | ES-MaACL | ||
| 005 | 20230906184130.0 | ||
| 007 | t| | ||
| 008 | 061107s1998 fr ||||1| fre d | ||
| 020 | _a2-7096-1854-0 | ||
| 080 | _a511.343 | ||
| 100 | 1 |
_aSingh, Simon. _9106636 |
|
| 245 | 1 | 3 |
_aLe dernier théorème de Fermat _b: l'histoire de l'énigme qui a défié les plus grands esprits du monde pendant 358 ans / _cSimon Singh ; traduit de l'anglais par Gerald Messadié ; consultant scientifique Jean-Paul Maneval. |
| 260 |
_a[S.l.] : _bJC Lattès, _c[1998] |
||
| 300 |
_a334 p. : _bil. ; _c21 cm. |
||
| 500 | _aBiblioteca Jacinto Martínez Lacalle. | ||
| 650 | 1 | 4 |
_aFermat, Teorema de. _912760 |
| 700 | 1 |
_aMessadié, Gerald. _980676 |
|
| 700 | 1 |
_aManeval, Jean-Paul. _975993 |
|
| 852 |
_aES-MaACL _jE-11380 _bR.139113 |
||
| 999 |
_c106390 _d106390 |
||